Ministerstvo chce prehľad, podnikatelia slobodu
Dôsledky zákona o cenách pre podnikateľov. V súčasnosti je povinná kalkulácia nákladov a zisku. Označovanie výrobkov cenami. Nejasnosť vo vyhláške o cenách. Náklady nezahrnuté do zisku. Maximálne ceny, ktoré určujú obvodné, okresné úrady a MF SR. Kontrola cien - zabezpečená povinnou trojročnou evide...
Gespeichert in:
| 1. Verfasser: | |
|---|---|
| Format: | Buchkapitel |
| Sprache: | Slowakisch |
| Schlagworte: | |
| Tags: |
Keine Tags, Fügen Sie das erste Tag hinzu!
|
MARC
| LEADER | 00000naa a2200000 4500 | ||
|---|---|---|---|
| 001 | r020792 | ||
| 005 | 20251104124034.0 | ||
| 041 | 0 | |a slo | |
| 044 | |a SK | ||
| 245 | 1 | 0 | |a Ministerstvo chce prehľad, podnikatelia slobodu |c J. Dančo |
| 520 | |a Dôsledky zákona o cenách pre podnikateľov. V súčasnosti je povinná kalkulácia nákladov a zisku. Označovanie výrobkov cenami. Nejasnosť vo vyhláške o cenách. Náklady nezahrnuté do zisku. Maximálne ceny, ktoré určujú obvodné, okresné úrady a MF SR. Kontrola cien - zabezpečená povinnou trojročnou evidenciou. | ||
| 610 | 2 | 0 | |a ceny |
| 610 | 2 | 0 | |a zákony |
| 610 | 2 | 0 | |a Slovensko |
| 610 | 2 | 0 | |a 1996 |
| 610 | 2 | 0 | |a podnikatelia |
| 610 | 2 | 0 | |a regulácia cenová |
| 610 | 2 | 0 | |a zisk |
| 100 | 1 | |a Dančo, J. | |